Wird geladen...

Do the media govern? : politicians, voters, and reporters in America

Bibliographische Detailangaben
1. Verfasser: Shanto Iyengar (ed.)
Weitere Verfasser: Richard Reeves (ed.)
Format: Printed Book
Veröffentlicht: Thousand Oaks Sage 1997
Schlagworte:
LEADER 00682nam a22001931a 4500
020 |a 9780803956063  |c 0.00 
040 |a SSUS - Library - Kalady 
082 |a 302.23  |b SHA/D 
100 |a Shanto Iyengar (ed.) 
245 |a Do the media govern? : politicians, voters, and reporters in America  |h [Text] 
260 |a Thousand Oaks  |b Sage  |c 1997 
300 |a 463p. 
600 |a Mass media United States 
600 |a Media Studies 
700 |a Richard Reeves (ed.) 
852 |h 302.23  |i SHA/D  |p 032073  |9 2329.65  |t 0 
942 |c BK 
999 |c 11088  |d 11088 
952 |0 0  |1 0  |4 0  |6 302_230000000000000_SHA_D  |7 0  |9 16149  |a SSUS  |b SSUS  |d 2015-01-08  |g 2329.65  |o 302.23 SHA/D  |p 032073  |r 2015-01-08  |v 0.00  |w 2015-01-08  |y BK